[Event "4NCL 2019-20"]
[Site "Daventry"]
[Date "2020.03.01"]
[Round "2"]
[White "Lamard, Guillaume"]
[Black "Wells, Peter K"]
[Result "1-0"]
[WhiteElo "2472"]
[BlackElo "2390"]
[Annotator "TA"]
[PlyCount "91"]
[EventDate "2020.01.11"]
[EventCountry "ENG"]
[SourceTitle "playchess.com"]
[Source "ChessBase"]
[SourceQuality "1"]

{[%evp 12,91,22,23,30,27,29,26,36,26,31,31,32,35,49,47,47,32,46,52,62,51,87,85,84,84,81,87,81,27,52,47,68,67,63,68,92,41,58,53,64,53,70,0,0,0,0,0,73,0,0,0,433,412,439,437,439,436,29978,437,434,413,490,487,489,468,686,658,12835,12835,12836,12836,12840,12840,12841,12841,12841,12842,12842,12842,12842,12843]} 1. Nf3 Nf6 2. c4 e6 3. Nc3 Bb4 4. Qc2 O-O 5. a3 Bxc3 6. Qxc3 b6 7. b4 d6 {A17: English Opening: 1...Nf6 with ...Bb4.} 8. Bb2 c5 9. e3 e5 {White has an edge.} 10. d3 Re8 11. Be2 Nc6 {[%cal Bb8c6,Bc6e7,Be7g6,Bg6f8,Bf8e6,Be6d4][%mdl 32]} 12. O-O {[#]} a5 $146 {[%cal Ra5b4]} ({Predecessor:} 12... a6 13. h3 Ra7 14. Rfd1 Rc7 15. Bf1 Bb7 16. Qb3 a5 17. bxc5 bxc5 18. Bc3 Qa8 {1-0 (36) Jakovenko,D (2731)-Iordachescu,V (2582) Haguenau 2013}) 13. b5 Ne7 14. Nd2 Bb7 15. e4 Ng6 16. g3 Nf8 17. f4 Ne6 18. Rae1 ({But not} 18. fxe5 $6 Nd4 $11) 18... Nd4 19. Nf3 Bc8 {White should prevent ...Bh3.} 20. Nxd4 (20. f5 $1 $16) 20... exd4 21. Qd2 Bg4 22. Qd1 Bxe2 23. Rxe2 Ra7 24. Rg2 ({Better is} 24. Bc1 $16) 24... Rae7 $14 25. Bc1 Nxe4 26. dxe4 Rxe4 27. f5 (27. Qh5 $14) 27... d5 $11 28. f6 dxc4 29. fxg7 {And now Qh5 would win.} d3 (29... Qe7 $11 {keeps the balance.}) 30. Bb2 (30. Qf3 $1 $16 {[%csl Gf1][%cal Rf3f7]} Qd4+ {[%mdl 64] Double Attack} 31. Rgf2 Qxg7 32. Bb2) 30... Re2 {White must now prevent ...Rxg2+.} 31. Bc3 {Hoping for Rgf2.} Rxg2+ $4 {[%mdl 8192] White leaves nothing to chance now.} (31... Qg5 $1 $11) 32. Kxg2 $18 Re2+ 33. Rf2 Qd5+ 34. Kg1 Re6 {[#]} (34... Re4 $18 35. Qc1 Qd7) 35. Qf3 (35. Rxf7 $142 $1 {[%mdl 512]} Re8 (35... Kxf7 36. Qf1+) 36. Rf2 h5 37. Qd2 $1 {[%mdl 512]} Qe6 38. Qg5 d2 39. Bxd2 Qg4 40. Qd5+ Kh7 41. Bc3) 35... Qxf3 36. Rxf3 {[%mdl 4096] Endgame KRB-KR} f6 {[#]} 37. g4 $1 {[%cal Rg4g5] White is clearly winning.} h6 {[#]} 38. h4 $1 Rd6 (38... d2 $142 39. Bxd2 Kxg7) 39. Rf2 Kxg7 {[#]} 40. Rxf6 $1 {[%mdl 576] Remove Defender} Rxf6 {KR-KB} 41. g5 hxg5 42. hxg5 {[%mdl 64] Pin} Kg6 43. gxf6 d2 44. Bxd2 Kxf6 45. Bc3+ Kf5 46. Kf2 {Accuracy: White = 82%, Black = 71%.} 1-0

[Event "4NCL 2019-20"]
[Site "Daventry"]
[Date "2020.03.01"]
[Round "2"]
[White "Williams, Simon K"]
[Black "Toma, Katarzyna"]
[Result "1/2-1/2"]
[WhiteElo "2461"]
[BlackElo "2293"]
[Annotator "TA"]
[PlyCount "90"]
[EventDate "2020.01.11"]
[EventCountry "ENG"]
[SourceTitle "playchess.com"]
[Source "ChessBase"]
[SourceQuality "1"]

{[%evp 9,90,51,65,25,45,8,9,9,26,27,49,46,37,27,31,25,34,34,52,49,56,18,48,41,37,20,56,11,46,5,27,29,32,16,20,0,47,40,45,53,51,44,49,37,72,57,58,37,93,25,41,26,28,44,37,37,25,30,36,35,37,28,47,-42,-52,-77,-58,-79,11,0,0,-22,0,0,0,0,0,0,0,0,0,-34,-36]} 1. d4 Nf6 2. Bf4 g6 3. Nc3 Bg7 4. e4 d6 5. Qd2 c6 6. f3 {B07: Pirc Defence: Miscellaneous Systems.} Qa5 7. Bh6 Bxh6 8. Qxh6 {The position is equal.} Nbd7 9. O-O-O Nb6 10. h4 Be6 11. Qg5 d5 12. e5 {[#]} h6 $146 ({Predecessor:} 12... Nfd7 13. Qd2 O-O-O 14. Nh3 Bxh3 15. Rxh3 Nc4 16. Bxc4 dxc4 17. Qf4 f6 18. exf6 Nxf6 {1-0 (48) Zhuravlev,V-Kampenuss,P Riga 1962}) 13. Qd2 Nfd7 14. Kb1 O-O-O 15. Ne4 Qa4 16. b3 Qa3 17. Nc3 Kb8 18. Ka1 {[#] Nb1 is the strong threat.} (18. Nge2 {with more complications.} Na8 19. Ka1 Qa5 20. Kb2 Nc7 21. a3) 18... Qa5 (18... Qb4 {looks sharper.} 19. Nce2 Qxd2 20. Rxd2 g5 21. Ng3 a5) 19. Nce2 (19. Nge2 {feels hotter.} c5 20. Nf4 Bf5 21. Kb2 h5 22. Be2) 19... Qxd2 20. Rxd2 g5 21. Ng3 c5 22. c3 cxd4 23. cxd4 Ka8 24. Bd3 Nb8 25. N1e2 Nc6 26. Rdd1 Rc8 27. Kb2 Nd7 28. Nh5 Nf8 (28... Rcg8 $14) 29. g4 (29. Ng7 $16) 29... Ng6 30. hxg5 hxg5 31. Bxg6 fxg6 32. Ng7 Bf7 33. e6 Rhg8 34. Rh7 ({Much worse is} 34. exf7 Rxg7 35. Rh6 Rxf7 $17) 34... Be8 $1 35. a3 Kb8 36. f4 (36. Nc3 $14) 36... gxf4 $1 $15 37. Nxf4 g5 38. Nxe8 Rgxe8 ({Black should try} 38... gxf4 $17 39. Ng7 f3) 39. Ng6 Kc7 40. Ne5 Kd6 41. Nf7+ Kxe6 42. Nxg5+ Kd7 43. Nf7 Rg8 44. g5 Rcf8 45. Kc3 Ke8 {Accuracy: White = 74%, Black = 77%.} 1/2-1/2

[Event "4NCL 2019-20"]
[Site "Daventry"]
[Date "2020.03.01"]
[Round "2"]
[White "Arkell, Keith C"]
[Black "Derakhshani, Borna"]
[Result "0-1"]
[WhiteElo "2460"]
[BlackElo "2354"]
[Annotator "TA"]
[PlyCount "124"]
[EventDate "2020.01.11"]
[EventCountry "ENG"]
[SourceTitle "playchess.com"]
[Source "ChessBase"]
[SourceQuality "1"]

{[%evp 13,124,14,8,13,22,17,27,-6,-9,-2,27,33,80,71,132,95,91,98,108,64,73,64,70,51,33,41,50,29,39,-9,-10,-8,-7,-4,-4,-24,0,0,0,0,0,0,0,0,21,0,10,0,13,15,41,4,8,0,0,0,0,0,0,0,29,-7,-12,-14,0,-187,-10,-70,-29,-105,-72,-72,-56,-52,-56,-61,-35,-67,-29,-25,-31,-23,-35,-30,-73,-65,-22,-35,-29,-35,-8,-8,-8,-12845,-131,-12850,-12850,-29955,-29955,-29963,-29962,-29967,-29968,-29968,-29969,-29969,-29970,-29970,-29971,-29975,-29976,-29974,-29975]} 1. d4 Nf6 2. Nf3 d5 3. c4 c6 4. Qc2 g6 5. Bf4 Bg7 6. e3 O-O 7. Nc3 Qa5 8. Be2 {D93: Grünfeld: 4 Nf3 Bg7 5 Bf4 0-0 6 e3.} dxc4 9. Bxc4 b5 10. Bb3 {White has an edge.} c5 11. dxc5 Bf5 12. Qe2 Ne4 13. O-O {[#]} Nxc5 $146 (13... Nxc3 $142 14. bxc3 Na6) ({Predecessor:} 13... Nxc3 14. bxc3 Bxc3 15. Bd5 Na6 16. Bxa8 Bxa1 17. Rxa1 Rxa8 18. Rc1 Rc8 19. c6 Nb4 {0-1 (68) Tranchant,S (2258)-Vernay,C (2434) Haguenau 2013}) 14. e4 Bd7 15. Nd5 Nc6 16. Qe3 {Bc7 is the strong threat.} Nxb3 17. axb3 Qd8 18. Bh6 e6 19. Bxg7 Kxg7 20. Qc3+ f6 21. Nb4 Nxb4 22. Qxb4 a5 23. Qd6 e5 24. h3 Be8 25. Qxd8 Rxd8 26. Rxa5 Rd3 27. Rc1 Rxb3 28. Rc2 Bf7 29. Ra7 Kg8 30. Nd2 Rb4 31. f3 Rd4 32. Kf2 Rfd8 33. Ke3 b4 $36 {[%mdl 2048] White must now prevent ...b3. Black has good play.} 34. Nf1 Bc4 35. Kf2 f5 36. exf5 gxf5 37. b3 (37. Ne3 $5 {[%cal Re3c4]} Be6 38. Rcc7 $14) 37... Bxb3 38. Rcc7 f4 39. Re7 $2 (39. Rg7+ $11 {and White stays safe.} Kh8 40. Rxh7+ Kg8 41. Rhg7+ Kf8 42. Rg5) 39... Rd1 $2 (39... Bc2 $19 40. Rxe5 b3) 40. Rac7 (40. Rg7+ $1 $11 Kf8 41. Rxh7) 40... Ra1 41. Rxe5 (41. Rg7+ $1 $11 {keeps the balance.} Kf8 42. Rxh7) 41... Bf7 {And now ...Rdd1 would win.} 42. Rf5 Ra2+ 43. Kg1 Bg6 44. Rxf4 Rb8 45. Rfc4 b3 (45... Raa8 $5 {[%cal Rb4b3]} 46. Nd2 b3 47. Nxb3 Rxb3 $17) 46. Rc8+ $1 Rxc8 47. Rxc8+ $11 {[%mdl 4096] Endgame KRB-KRN} Kf7 {aiming for ...b2.} 48. Rb8 b2 49. Nd2 Ra1+ 50. Kf2 b1=Q 51. Nxb1 Rxb1 (51... Bxb1 {feels hotter.} 52. g4 Bg6 53. Rb7+ Kf6 54. f4 Ra2+) 52. Rxb1 Bxb1 {KB-K3P} 53. Ke3 $2 {[%mdl 8192]} (53. f4 $11) 53... Kf6 $2 (53... Ba2 $1 $19 {is more deadly.} 54. Kf4 Bc4) 54. Kf4 $2 {[%mdl 8192] [#] Loses the game.} (54. f4 $17) 54... Bd3 $1 $19 {[%cal Rd3a6]} 55. h4 Bf1 {Black mates.} 56. g4 Bd3 57. h5 Bc2 58. Kg3 Ke5 59. f4+ {[#]} Ke4 $1 60. f5 Ke5 61. Kf3 Kf6 62. Kf4 h6 {Accuracy: White = 60%, Black = 66%.} 0-1

[Event "4NCL 2019-20"]
[Site "Daventry"]
[Date "2020.03.01"]
[Round "2"]
[White "Bulmaga, Irina"]
[Black "Dong, Bao Nghia"]
[Result "1/2-1/2"]
[WhiteElo "2453"]
[BlackElo "2209"]
[Annotator "TA"]
[PlyCount "102"]
[EventDate "2020.01.11"]
[EventCountry "ENG"]
[SourceTitle "playchess.com"]
[Source "ChessBase"]
[SourceQuality "1"]

{[%evp 12,102,56,46,60,47,38,23,26,24,26,22,31,30,31,43,36,42,35,25,33,-13,-5,-17,-12,-14,13,9,3,11,27,17,20,12,13,0,6,6,9,0,1,5,2,0,0,0,0,0,13,0,11,13,10,0,0,0,0,0,0,0,0,0,0,0,0,0,0,0,0,0,0,0,0,0,0,0,0,0,0,0,0,0,0,0,0,0,0,0,0,0,0,0,0]} 1. e4 e6 2. d4 d5 3. Nc3 dxe4 4. Nxe4 Bd7 5. Nf3 Bc6 6. Bd3 Nd7 7. Qe2 h6 {C10: French with 3 Nc3: Unusual Black 3rd moves and 3...dxe4.} 8. Bd2 Ngf6 {[#]} 9. Nxf6+ $146 (9. Nc3 {feels hotter.} Bb4 10. O-O Ba5 11. Rfd1 Bb6 12. Ne4) ({Predecessor:} 9. h3 Be7 10. O-O-O Bxe4 11. Bxe4 Nxe4 12. Qxe4 c6 13. Qd3 Qc7 14. g3 O-O-O 15. Bf4 {1-0 (38) Bozbey,A (1649)-Ozsayin,E (1449) Kemer 2014}) 9... Qxf6 {White has an edge.} 10. Be4 Bxe4 11. Qxe4 c6 12. O-O-O O-O-O 13. Ba5 Nb6 14. c4 Bd6 15. Kb1 {[#] Black must now prevent c5.} Bc7 16. Bxb6 axb6 17. Rd3 Rhe8 18. Rhd1 Qf4 19. Qxf4 Bxf4 20. Kc2 Kc7 21. g3 Bd6 {The position is equal.} 22. Ne5 f6 23. Nf7 Rd7 24. Nxd6 Rxd6 $11 {[%mdl 4096] Endgame KRR-KRR} 25. h4 Ra8 26. a3 Ra4 27. Rc3 Kd7 28. b4 b5 {aiming for ...bxc4.} 29. Kb3 Ra6 30. cxb5 cxb5 31. Rc5 Rd5 32. Rdc1 Rxd4 33. R1c3 Rc6 34. Rxb5 b6 35. a4 Rd1 36. a5 bxa5 37. Rxa5 Rb1+ 38. Kc2 Rf1 39. Ra7+ Kd6 40. Rxc6+ Kxc6 41. Rxg7 Rxf2+ {KR-KR} 42. Kd3 Kd5 43. Ke3 Rb2 44. Rg6 Rb3+ 45. Kf2 f5 46. Rxh6 Rxb4 47. Rf6 Rb2+ 48. Ke3 Rb3+ 49. Kf2 $1 Rb2+ 50. Ke3 Rb3+ 51. Kf2 $1 Rb2+ {Accuracy: White = 97%, Black = 97%.} 1/2-1/2

[Event "4NCL 2019-20"]
[Site "Daventry"]
[Date "2020.03.01"]
[Round "2"]
[White "Adair, James R"]
[Black "Howell, David W L"]
[Result "0-1"]
[WhiteElo "2451"]
[BlackElo "2665"]
[Annotator "TA"]
[PlyCount "81"]
[EventDate "2020.01.11"]
[EventCountry "ENG"]
[SourceTitle "playchess.com"]
[Source "ChessBase"]
[SourceQuality "1"]

{[%evp 15,81,11,11,24,18,18,17,0,0,0,0,0,0,-2,-6,-46,-39,-55,-58,-55,-55,-91,-52,-61,-39,-71,-72,-87,-82,-93,-86,-125,-114,-112,-125,-122,-112,-169,-152,-162,-116,-114,-115,-124,-117,-130,-124,-134,-134,-134,-134,-151,-135,-150,-144,-291,-285,-420,-236,-227,-186,-320,-223,-963,-944,-1935,-1921,-2047]} 1. e4 e6 2. d4 d5 3. Nd2 c5 4. Ngf3 cxd4 5. Nxd4 Nc6 6. Bb5 Bd7 7. Nxc6 Bxc6 8. Bxc6+ bxc6 9. c4 {C07: French Tarrasch: 3...c5, 4 Ngf3 and 4 exd5 Qxd5.} Qa5 10. Qc2 Qa6 11. b3 {The position is equal.} Nf6 12. Bb2 Be7 $1 13. O-O O-O 14. Rae1 Rfd8 {[#]} 15. Re3 $146 ({Predecessor:} 15. e5 Nd7 16. f4 g6 17. f5 gxf5 18. g4 f4 19. Rxf4 Nf8 20. Ref1 Rd7 21. Kh1 {½-½ (42) Yu,L (2359)-Kosic,D (2508) Kecskemet 2010}) 15... d4 16. Rd3 e5 17. Nf3 Nd7 18. Rdd1 Rab8 ({Wrong is} 18... Qxa2 $2 19. Ra1 $18) 19. Bc1 Bb4 20. Bd2 Bxd2 21. Rxd2 f6 22. Ne1 Nc5 23. Kh1 Qa3 24. f4 exf4 25. Rxf4 Re8 26. Kg1 (26. Rd1 $17 {is a better defense.}) 26... Rbd8 27. Rd1 a5 28. Qb1 {[#] Hoping for Nc2.} Qb4 29. Nd3 Nxd3 30. Rxd3 a4 31. Qd1 axb3 32. axb3 c5 33. Rg3 Qb6 34. Qh5 {Strongly threatening Rh4.} Re7 35. Rh4 {White does not recover from this.} (35. Rd3 $17) 35... g6 $19 36. Qe2 (36. Qd1 $142) 36... Re5 (36... Qd6 $142 {White must now prevent ...d3.} 37. Qd3 {[#]} f5 $1 {[%mdl 512]}) 37. Qd2 Rd7 38. Qh6 (38. h3 $142) 38... Rg7 39. Rf4 $2 (39. Rf3) 39... Rh5 40. e5 Rxh6 41. Rxf6 {Accuracy: White = 51%, Black = 84%.} 0-1

[Event "4NCL 2019-20"]
[Site "Daventry"]
[Date "2020.03.01"]
[Round "2"]
[White "Collins, Sam E."]
[Black "Suarez Real, Alberto"]
[Result "1-0"]
[WhiteElo "2450"]
[BlackElo "2449"]
[Annotator "TA"]
[PlyCount "55"]
[EventDate "2020.01.11"]
[EventCountry "ENG"]
[SourceTitle "playchess.com"]
[Source "ChessBase"]
[SourceQuality "1"]

{[%evp 24,55,0,0,-2,-25,-15,-10,0,-10,-14,-24,0,-11,66,81,207,214,225,230,251,268,503,495,490,463,734,743,680,649,1112,1027,29992,29993]} 1. e4 c5 2. Nf3 Nc6 3. c3 Nf6 4. e5 Nd5 5. Bc4 e6 6. O-O d6 7. d4 cxd4 8. cxd4 Be7 9. Qe2 O-O 10. Nc3 Nxc3 11. bxc3 dxe5 12. dxe5 Qa5 13. Bd2 {13.Bd2 scores better than 13.Qe4.} Rd8 {B22: Sicilian: 2 c3.} 14. a4 Bd7 {[#]} 15. h4 $146 ({Predecessor:} 15. Bd3 Be8 16. Rfe1 Rd7 17. Qe4 g6 18. Bb5 Rc8 19. Bg5 Qd8 20. Qf4 Rd5 21. h4 {½-½ (65) Radjabov,T (2761)-Dominguez Perez,L (2717) Linares 2009}) 15... Qc7 {The position is equal.} 16. Bd3 Be8 17. Rfe1 Na5 18. Nd4 Bc6 ({Black should play} 18... Rd5 $11) 19. Qg4 ({Of course not} 19. Qh5 $6 g6 $11) 19... Rd5 (19... Nb3 $16) 20. Bh6 $1 $18 {[%csl Gh6][%cal Rg4g7]} Bf8 {[#]} 21. Re3 $1 $40 {[%mdl 128] White attacks with force.} Kh8 {[#]} 22. Rae1 $1 Rad8 $2 (22... g6 {was worth a try.}) 23. Rg3 {[%cal Rh6g7]} g6 24. Bg5 Bxa4 (24... Be8 $142 25. Bxg6 hxg6) 25. Bf6+ Kg8 {[#]} 26. Bxg6 $1 {[%mdl 512]} hxg6 (26... fxg6 27. Nxe6) 27. Nxe6 {[%mdl 64] Intending Qh5 and mate. Double Attack} Qd7 28. Qh5 {Black got outplayed after the opening. Accuracy: White = 100%, Black = 39%.} 1-0

[Event "4NCL 2019-20"]
[Site "Daventry"]
[Date "2020.03.01"]
[Round "2"]
[White "Hebden, Mark L"]
[Black "Sucikova, Svetlana"]
[Result "1-0"]
[WhiteElo "2434"]
[BlackElo "2160"]
[Annotator "TA"]
[PlyCount "57"]
[EventDate "2020.01.11"]
[EventCountry "ENG"]
[SourceTitle "playchess.com"]
[Source "ChessBase"]
[SourceQuality "1"]

{[%evp 22,57,0,-8,20,21,23,0,13,16,36,-5,-16,-38,17,0,35,-33,-37,-31,0,0,0,0,49,20,139,16,354,172,181,167,29992,29993,29993,29992,29992,29993]} 1. e4 c6 2. d4 d5 3. exd5 cxd5 4. c4 Nf6 5. Nc3 e6 6. Nf3 Bb4 7. cxd5 Nxd5 8. Bd2 Nc6 9. Bd3 O-O 10. O-O Be7 11. a3 Bf6 12. Qe2 {12.Be3 is a critical line.} g6 {B14: Caro-Kann: Panov-Botvinnik Attack with 5...e6 and 5...g6.} 13. Bh6 Re8 14. Rad1 {[#]} b6 $146 {The position is equal.} ({Predecessor:} 14... Bd7 15. Be4 Nxc3 16. bxc3 Qa5 17. Qb2 Qc7 18. Rfe1 Rac8 19. c4 b6 20. Rc1 Red8 21. Bxc6 Bxc6 {0-1 (47) Gaponenko,I (2435)-Nechaeva,M (2424) Riadh 2017}) 15. Rfe1 Bb7 16. Bc4 Nxc3 17. bxc3 Na5 ({Black should try} 17... Rc8 $15) 18. Ba2 Rc8 19. c4 ({Better is} 19. Ne5 $1 $14) 19... Bxf3 $15 20. Qxf3 {With the idea d5.} Nxc4 21. d5 e5 $1 22. d6 $1 {[%cal Rd6d7]} Re6 23. d7 {[%mdl 1024] White has compensation.} Rc7 (23... Rc5 $11) 24. a4 $36 {[%mdl 2048] Threatens to win with Rc1. White fights for an advantage.} Be7 $2 {[%mdl 8192] This move loses the game for Black.} (24... a6 $1 $11 {and Black stays safe.}) 25. Re4 (25. Qe2 $142 g5 26. Bxc4 Rxh6 27. Qxe5 Rxd7 28. Rxd7 Qxd7 29. Qxe7 Qxe7 30. Rxe7) 25... Rf6 $18 26. Qe2 Na3 $2 (26... Nd6 $18) 27. Rxe5 {White mates.} Rc2 {[#]} 28. Qxc2 $1 {[%mdl 512]} Nxc2 {[#]} 29. Rxe7 $1 {[%mdl 512] Accuracy: White = 71%, Black = 31%.} 1-0

[Event "4NCL 2019-20"]
[Site "Daventry"]
[Date "2020.03.01"]
[Round "2"]
[White "Zhou, Yang-Fan"]
[Black "Kanyamarala, Tarun"]
[Result "0-1"]
[WhiteElo "2433"]
[BlackElo "2349"]
[Annotator "TA"]
[PlyCount "86"]
[EventDate "2020.01.11"]
[EventCountry "ENG"]
[SourceTitle "playchess.com"]
[Source "ChessBase"]
[SourceQuality "1"]

{[%evp 10,86,36,27,39,15,35,28,22,29,36,35,37,26,27,27,37,33,35,27,28,24,42,29,23,-49,16,17,57,0,0,0,25,30,69,9,84,8,22,21,18,0,61,-23,-6,-8,80,-8,0,-152,-143,-575,-569,-562,-536,-548,-532,-869,-869,-869,-869,-869,-869,-842,-833,-761,-743,-724,-331,-312,-296,-748,-644,-1381,-1424,-1372,-1372,-1125,-1140]} 1. e4 c5 2. Nf3 Nc6 3. Bb5 g6 4. Bxc6 dxc6 5. d3 Bg7 6. h3 Qc7 {B31: Sicilian: 2...Nc6 3 Bb5 g6.} 7. a4 {7.0-0 gains popularity.} a5 8. O-O e5 {White has an edge.} 9. Be3 b6 10. Na3 Ne7 11. Nc4 Be6 {[#]} 12. Nfd2 $146 ({Predecessor:} 12. Ng5 Bxc4 13. dxc4 h6 14. Nf3 Nc8 15. Nd2 O-O 16. Qe2 Nd6 17. Rad1 Rae8 18. b3 {½-½ (56) Amin,B (2704)-Carlsen,M (2861) Abidjan 2019}) 12... O-O 13. f4 exf4 14. Bxf4 Qd8 15. Kh1 h6 16. Qf3 b5 17. Ne5 (17. Nd6 $11) 17... c4 (17... g5 $1 $15 18. Bh2 Ng6) 18. Qe3 $11 cxd3 19. cxd3 ({Better is} 19. Nxd3 $14 g5 20. Be5) 19... g5 20. Bh2 f6 21. Nef3 f5 22. Qc5 (22. Be5 $1 $14) 22... Qd7 (22... f4 $11 {keeps the balance.}) 23. Ne5 ({White should play} 23. Be5 $16) 23... Bxe5 $1 24. Bxe5 {Bd6 is the strong threat.} Ng6 25. Rac1 Rad8 (25... Nxe5 $11 26. Qxe5 bxa4) 26. d4 (26. axb5 $14 cxb5 27. Bc7) 26... Nxe5 27. Qxe5 Rde8 (27... Qd6 $11 28. Qxd6 Rxd6) 28. Qc5 (28. axb5 $16 Bd5 29. bxc6 Bxc6 30. Qc5 (30. Qxa5 fxe4 31. Rxf8+ Rxf8 $14) 30... Bxe4 31. Nxe4 fxe4 32. Rxf8+ Rxf8 33. d5) 28... fxe4 {[#] Strongly threatening ...e3.} 29. Nxe4 $2 (29. Rxf8+ $11 Rxf8 30. axb5 cxb5 31. Qe5) 29... Bd5 $36 {[%mdl 2048] Black is on the roll.} 30. Qd6 $2 {[%mdl 8192] This move loses the game for White.} (30. Rxf8+ $17 Rxf8 31. Qc2) 30... Qxd6 31. Nxd6 Rxf1+ 32. Rxf1 $19 {[%mdl 4096] Endgame KRB-KRN} Re2 {[%mdl 64] [#] Double Attack} 33. Rc1 Rxg2 {White must now prevent ...Rc2+.} 34. Rc5 Rxb2+ 35. Kg1 bxa4 36. Rxa5 Ra2 37. Nf5 Kh7 38. Ne7 Bf3 (38... a3 $142 39. Ra7 Be6 40. Nxc6+ Kg6) 39. Ra7 {If only White now had time for Nxc6+....} Kh8 40. Ra6 $2 (40. Ng6+ Kg8 41. Ne7+ Kf7 42. Nxc6+ Ke6 43. Nb4 Rg2+ 44. Kf1) 40... a3 {Black is clearly winning.} 41. Ng6+ Kg7 42. Ne5 Rg2+ 43. Kh1 Bd5 {Accuracy: White = 48%, Black = 69%.} 0-1

[Event "4NCL 2019-20"]
[Site "Daventry"]
[Date "2020.03.01"]
[Round "2"]
[White "Kirk, Ezra"]
[Black "Stepanyan, Henrik"]
[Result "1-0"]
[WhiteElo "2430"]
[BlackElo "2198"]
[Annotator "TA"]
[PlyCount "103"]
[EventDate "2020.01.11"]
[EventCountry "ENG"]
[SourceTitle "playchess.com"]
[Source "ChessBase"]
[SourceQuality "1"]

{[%evp 19,103,17,17,12,16,18,45,14,49,-16,-20,-12,-8,-67,-49,-112,-106,-100,-99,-66,8,0,5,0,2,-24,-8,0,28,19,18,14,96,103,88,63,73,68,79,57,212,204,265,283,640,246,330,225,507,357,463,464,687,506,549,538,523,526,542,531,537,536,526,483,605,574,532,527,709,696,936,918,904,894,1187,1167,1122,1103,4137,4137,4137,4133,29991,11498,29992,29993]} 1. e4 e5 2. Nf3 Nc6 3. Bc4 Nf6 4. d3 d5 5. exd5 Nxd5 6. O-O Bg4 7. Nbd2 {[%cal Bb1d2,Bd2f1,Bf1g3][%mdl 32]} Be7 8. h3 Bh5 9. Re1 O-O 10. c3 Kh8 11. Nf1 {C55: Two Knights: 4 d3, 4 d4 exd4 5 e5 and Max Lange Attack.} f5 12. Ng3 Bg6 {[#]} 13. a4 $146 {White is slightly better.} ({Predecessor:} 13. Bb5 f4 14. Ne4 Bh5 15. Bxc6 bxc6 16. b3 a5 17. Bb2 a4 18. bxa4 Ra6 19. a3 {1-0 (41) Minasian,A (2467)-Ivanisevic,I (2587) Batumi 2018}) 13... a5 14. Qb3 (14. Nxe5 $14 Nxe5 15. Rxe5) 14... Nb6 $1 $11 15. Bb5 Bf6 16. Bxc6 (16. h4 $11) 16... bxc6 $15 17. d4 {[#]} (17. Qc2 $15) 17... e4 $1 $17 {[%cal Re4f3]} ({Much weaker is} 17... exd4 $6 18. cxd4 Nd5 19. Ne5 $11) 18. Ne5 Bxe5 $1 19. dxe5 Qd5 (19... Nd7 $15 20. Rd1 Qe7) 20. Qxd5 $11 cxd5 21. f4 Rfb8 22. Ne2 c5 23. Be3 Nc4 24. Bxc5 Nxb2 {And now ...Nd3 would win.} 25. Reb1 Be8 (25... Nd3 $11 {remains equal.} 26. Be3 Be8) 26. Bd6 $16 Rb6 27. Nd4 Nxa4 28. Rxb6 ({But not} 28. Nxf5 Rxb1+ 29. Rxb1 Nxc3 $15) 28... Nxb6 29. Nxf5 Na4 $2 {[#] Now Black is done in.} ({Better is} 29... Nc4 $14) 30. e6 $1 $18 Nxc3 31. Be5 {[%mdl 64] Double Attack} Nb5 $2 (31... d4 32. Nxg7 Kg8) 32. Bxg7+ Kg8 33. Bf6 {White threatens Nh6+ and mate.} Bg6 $2 (33... Kf8 34. Bg7+ Kg8) 34. Nh6+ Kf8 35. f5 Bxf5 (35... e3 $142 36. fxg6 hxg6) 36. Nxf5 Nc7 37. e7+ Kf7 38. Be5 Ne8 {and if ...Ke6 works, Black does fine.} 39. g4 Ke6 40. Bc3 a4 41. Kf2 h5 42. Ra3 hxg4 43. hxg4 Nc7 44. Bb4 Kf7 45. Rh3 d4 46. Nxd4 Kg6 47. Nf5 Kg5 48. Nd6 Kxg4 49. Rc3 Nd5 50. Rg3+ Kh4 51. Nf5+ Kh5 52. Bd2 {Accuracy: White = 73%, Black = 48%.} 1-0